000 00336nam a22001217a 4500
003 SGT
082 _a891.4309
_bB05D
100 _aदुबे, अभय कुमार
245 _aबीच बहस में सेकुलरवाद
260 _b वाणी प्रकाशन
_c2005
300 _a401
942 _2ddc
_cBK
999 _c31280
_d31280